Realistic rationalism

Αποθηκεύτηκε σε:
Λεπτομέρειες βιβλιογραφικής εγγραφής
Κύριος συγγραφέας: Katz, Jerrold J.
Μορφή: Βιβλίο
Γλώσσα:English
Δημοσίευση: Cambridge, Mass. : MIT Press, c1998
Σειρά:Representation and mind
Θέματα:
Ετικέτες: Προσθήκη ετικέτας
Δεν υπάρχουν, Καταχωρήστε ετικέτα πρώτοι!

MARC

LEADER 00000nam a2200000 i 4500
001 1/36331
008 030604s1998 eng d
020 |a 0-262-11229-9 (hardcover : alk. paper) 
035 |l 10070042 
040 |a GR-MY-UA  |b gre  |e aacr 
041 0 |a eng 
082 0 |a 149.2  |2 (21) 
100 1 |a Katz, Jerrold J. 
245 1 0 |a Realistic rationalism /  |c Jerrold J. Katz 
260 |a Cambridge, Mass. :   |b MIT Press,   |c c1998 
300 |a xxxiv, 226 p.;  |c 24 cm. 
490 1 |a Representation and mind 
504 |a Includes bibliographical references and index. 
650 0 0 |a Realism. 
830 0 |a Representation and mind 
852 |a INST  |b SYROS  |e 20030604  |h 149.2 KAT  |p 005500003346  |q 005500003346  |t BK  |y 0 
852 |a INST  |b SYROS  |e 20030604  |h 149.2 KAT  |p 005500003347  |q 005500003347  |t BK  |y 0 
901 |a BIBL5-2003-2 
909 |a Ε  |b 103857 
909 |a Ε  |b 103858 
922 |a 5ΕΛΗ  |b 200108  |c ΕΠΕΑΕΚ2/183  |d ΠΑΠΑΣΩΤΗΡΙΟΥ 
970 |a ΚΑΓΙΑΒΑ  |b ΕΙΡΗΝΗ  |z 2003/06/04